000 00939 a2200229 4500
005 20260409112658.0
008 260409b |||||||| |||| 00| 0 eng d
020 _a9788193875681 (pbk)
037 _cTB
040 _aCRL
_cCRL
041 _2hin
_ahin
084 _aO152,180x Q8
_qCRL
100 _aशुक्ल, रामचन्द्र
_9862923
245 _aजायसी ग्रंथावली
260 _aनई दिल्ली, भारत:
_bसस्ता साहित्य मण्डल प्रकाशन,
_c2018.
300 _a519पृ.
365 _b225.00
_cINR
650 _aहिन्दी कविता
650 _aहिन्दी साहित्य
942 _cTB
_2CC
_hO152,180x Q8
999 _c1467266
_d1467266